Parties du corps de Patou - Statistiques

Statistiques générales
  • Ce quiz a été pris 11 fois
  • Le résultat moyen est 4 sur 16
Answers on the Grid
Answers color-coded by a green-red scale on the quiz's grid according to % correct below.
Cerveau
Dent
Pattes
Etiquette
Plumes
Crâne
Oreilles
Cheveux
Doigts
Colonne vertebrale
Cuisses
Queue
Poignets
Poils
Yeux
Tibiats
Bourrelets
Nez
Museau
Genoux
Cou
Coudes
Ventre
Dos
8 Doigts de pied
6 Doigts de pied
Fesses
Bras
Estomac
Tentacules
 
Statistiques - réponses
Réponse % Correct
Dent
83%
Crâne
67%
Oreilles
50%
Estomac
33%
Pattes
33%
6 Doigts de pied
17%
Bras
17%
Doigts
17%
Dos
17%
Etiquette
17%
Museau
17%
Poils
17%
Queue
17%
Ventre
17%
Yeux
17%
Bourrelets
0%
Aucun quiz correspondant
Distribution des résultats
% des personnes avec chaque résultat
Percentile par nombre de réponses
Votre historique - résultats
Vous n’avez pas pris ce quiz